000 00808nam a2200241Ia 4500
003 OSt
005 20220923221519.0
006 a|||||r|||| 00| 0
007 ta
008 220922b |||||||| |||| 00| 0 hin d
024 _a197,823
037 _cTextual
040 _aARTS
_cARTS
_bhin
041 _2hin
_ahin
082 _aO152,8NSUx, N2
100 _aसुयोगी, शिव नारायण सिंह
245 0 _aतलाश कालिदास वाले पेड की
246 _aTalāsh kālidās vāle peḍ kī
260 _aदिल्ली
_b पारूल प्रका0
_c1992
300 _a135पृ.
_ccm.
942 _hO152,8NSUx, N2
_cTEXL
_2CC
999 _c349694
_d349694